Score 0/25 Timer 07:00
0 Plays Today
% Correct
The Flintstones
97.8%
Family Guy
95.8%
The Simpsons
95.1%
Scrubs
92.6%
Cheers
91.4%
South Park
91.3%
The Fresh Prince of Bel-Air
91.2%
Futurama
88.3%
Seinfeld
75%
Gilligan's Island
72.7%
I Love Lucy
71.9%
Married...with Children
68.1%
The Brady Bunch
67.9%
% Correct
The Beverly Hillbillies
67.8%
The Andy Griffith Show
66.4%
Daria
57.8%
New Girl
48.9%
Hogan's Heroes
44.7%
Boy Meets World
39.7%
Sex and the City
38.8%
Green Acres
38.1%
Rick and Morty
34.5%
Freaks and Geeks
30.6%
Black-ish
23.5%
Scream Queens
12.3%

You're not logged in!

Compare scores with friends on all Sporcle quizzes.
OR
Log In

Sporcle TV

Today on Sporcle TV


Watch our educational content, quiz creation guides, and fun videos on Sporcle TV.

Show Comments

Extras

Top Quizzes Today


Score Distribution

Paid Content

Your Account Isn't Verified!

In order to create a playlist on Sporcle, you need to verify the email address you used during registration. Go to your Sporcle Settings to finish the process.

Report this User

Report this user for behavior that violates our Community Guidelines.

Details: